000 01225nam a22002297a 4500
003 NALT
005 20240724233225.0
008 s2546 th tha d
040 _aNALT
041 _atha
050 _aZ 699.5.V4
_bส532ก 2546
100 0 _aสังคม เตชะวงศ์เสถียร
_955209
245 1 0 _aการพัฒนาระบบฐานข้อมูลสารสนเทศพืชสวน :
_bพืชผัก /
_cสังคม เตชะวงศ์เสถียร...[และคนอื่น ๆ].
260 3 _aกรุงเทพฯ :
_bสำนักงานกองทุนสนับสนุนการวิจัย,
_c2546
300 _a55 หน้า :
_bภาพประกอบ, ตาราง, แผนภูมิ ;
_c29 ซม.
650 0 4 _aสารสนเทศพืชสวน -- ฐานข้อมูล -- วิจัย
650 0 4 _aพืชผัก -- ฐานข้อมูล -- วิจัย
650 0 4 _aพืชสวน -- ฐานข้อมูล -- วิจัย
850 _aNALT
942 _cRSH
_2lcc
999 _c44400
_d44400
998 _j109
_k อารีรัตน์ วิชาช่าง